Automatic process control for chemical engineers (Record no. 25223)

000 -LEADER
fixed length control field 00528nam a2200193 4500
001 - CONTROL NUMBER
control field 25223
003 - CONTROL NUMBER IDENTIFIER
control field BD-DhUET
008 - FIXED-LENGTH DATA ELEMENTS--GENERAL INFORMATION
fixed length control field 150304b1956 xxu||||| |||| 00| 0 eng d
040 ## - CATALOGING SOURCE
Original cataloging agency DLC
Transcribing agency DLC
Modifying agency BD-DhUET
082 ## - DEWEY DECIMAL CLASSIFICATION NUMBER
Classification number 660.28
Item number CEA/1956
100 ## - MAIN ENTRY--PERSONAL NAME
Personal name Ceaglaske, Norman H.
245 ## - TITLE STATEMENT
Title Automatic process control for chemical engineers
250 ## - EDITION STATEMENT
Edition statement 1st ed.
260 ## - PUBLICATION, DISTRIBUTION, ETC. (IMPRINT)
Place of publication, distribution, etc. New Delhi
Name of publisher, distributor, etc. Wiley Eastern
Date of publication, distribution, etc. 1956
300 ## - PHYSICAL DESCRIPTION
Extent xiv, 228 p.
Other physical details ill.
Dimensions 23 cm.
504 ## - BIBLIOGRAPHY, ETC. NOTE
Bibliography, etc Includes bibliographies
650 #0 - SUBJECT ADDED ENTRY--TOPICAL TERM
Topical term or geographic name as entry element Chemical engineering
942 ## - ADDED ENTRY ELEMENTS (KOHA)
Koha item type General Book
Holdings
Withdrawn status Damaged status Not for loan Lost status Koha full call number Location (home branch) Price effective from Piece designation (barcode) Date acquired Koha date last seen Koha normalized classification for sorting Shelving location Source of classification or shelving scheme Koha item type Copy number Sublocation or collection (holding branch)
    660.28/CEA/1956Central Library, BUET2015-05-13326242015-05-132015-05-13660_280000000000000_CEA_1956Circulation section General Book1Central Library, BUET
    660.28/CEA/1956Central Library, BUET2015-05-13326232015-05-132015-05-13660_280000000000000_CEA_1956Circulation section General Book2Central Library, BUET
    660.28/CEA/1956Central Library, BUET2015-05-13326222015-05-132015-05-13660_280000000000000_CEA_1956Circulation section General Book3Central Library, BUET
    660.28/CEA/1956Central Library, BUET2015-05-13326212015-05-132015-05-13660_280000000000000_CEA_1956Circulation section General Book4Central Library, BUET
    660.28/CEA/1956Central Library, BUET2015-05-13209282015-05-132015-05-13660_280000000000000_CEA_1956Circulation section General Book5Central Library, BUET
    660.28/CEA/1956Central Library, BUET2015-05-13373102015-05-132015-05-13660_280000000000000_CEA_1956Circulation section General Book6Central Library, BUET
    660.28/CEA/1956Central Library, BUET2015-05-13326252015-05-132015-05-13660_280000000000000_CEA_1956Circulation section General Book7Central Library, BUET
    660.28/CEA/1956Central Library, BUET2015-05-13111452015-05-132015-05-13660_280000000000000_CEA_1956Circulation section General Book8Central Library, BUET
    660.28/CEA/1956Central Library, BUET2015-05-13111482015-05-132015-05-13660_280000000000000_CEA_1956Circulation section General Book9Central Library, BUET
    660.28/CEA/1956Central Library, BUET2015-05-13111442015-05-132015-05-13660_280000000000000_CEA_1956Circulation section General Book10Central Library, BUET
    660.28/CEA/1956Central Library, BUET2015-05-13124312015-05-132015-05-13660_280000000000000_CEA_1956Circulation section General Book11Central Library, BUET
    660.28/CEA/1956Central Library, BUET2015-05-13101512015-05-132015-05-13660_280000000000000_CEA_1956Circulation section General Book12Central Library, BUET